LEADER 04781oam 2200865 c 450 001 9910970983003321 005 20260302090207.0 010 $a3-95743-699-0 024 7 $a10.30965/9783957436993 035 $a(CKB)4940000000599070 035 $a(nllekb)BRILL9783957436993 035 $a(MiAaPQ)EBC6554256 035 $a(Au-PeEL)EBL6554256 035 $a(OCoLC)1247677563 035 $a(Brill | mentis)9783957436993 035 $a(EXLCZ)994940000000599070 100 $a20260302d2021 uy 0 101 0 $ager 135 $aurun| uuuua 181 $ctxt$2rdacontent 182 $cc$2rdamedia 183 $2rdacarrier 200 00$aMigration: Globale Bewegungsfreiheit oder nationale Grenzen?$fPaul Tiedemann, Karolina Reinhardt, Birgit Glorius, Monika Kirloskar-Steinbach, Uwe Berlit, Hartmut Elsenhans, Diethelm Klesczewski, Steffi Müller-Mezger, Frank Neuhaus 205 $a1st ed. 210 $aPaderborn$cBrill | mentis$d2021 215 $a1 online resource 225 0 $afundamenta iuris$v15 311 08$a3-95743-214-6 320 $aIncludes bibliographical references and index. 327 $tCopyright page -- $tVorwort /$rAuthors: Diethelm Klesczewski , Steffi Mu?ller-Mezger , and Frank Neuhaus -- $tRechtliche Rahmung aktueller Migrationsprozesse /$rAuthor: Uwe Berlit -- $tRechtsethik des Migrationsrechts /$rAuthor: Paul Tiedemann -- $tKant und Migration: Zur Aktualita?t des Weltbu?rgerrechts /$rAuthor: Karoline Reinhardt -- $tDiskussionsbericht Themenbereich A: »Zuwanderung in einer nationalstaatlich gepra?gten Welt« /$rAuthors: Maxim Lenzner and Daniel Ha?user -- $tLiberale Ideale und Care-Arbeit /$rAuthor: Monika Kirloskar-Steinbach -- $tDiskussionsbericht Themenkreis B: »Asyl und Einwanderung aus der Perspektive globaler Bewegungsfreiheit« /$rAuthors: Nathalie Scheuer and Elisabeth Albrecht -- $tDiskussionsbericht Themenkreis A und B: »Gegenu?berstellung und Zusammenfu?hrung der Ansa?tze« /$rAuthors: Hannes Wagner and David Kuhn -- $tWas a?ndert sich? Erkenntnisse der geographischen Migrationsforschung zum Themenfeld Migration, Flucht und Diversita?t /$rAuthor: Birgit Glorius -- $tBericht zur Diskussion des Vortrages von Birgit Glorius: »Geographische Migrationsforschung« /$rAuthors: Carolin Grawemeyer and Daniel Ha?user -- $tEntwurzelung und Integration: Was kann man mit welcher Entwicklungspolitik erreichen? /$rAuthor: Hartmut Elsenhans -- $tIm Nachgang: Zur Umsetzung eines Rechts auf globale Bewegungsfreiheit /$rAuthor: Rene? Engelhorn. 330 $aMigration bildet den Anlass für eine der zentralen Kontroversen unserer Zeit: Zuwanderung bleibt ein Topthema der Politik. Moralische und politische Standpunkte befehden einander scharf. Nicht wenige sind geneigt, ihr Urteil über Migration anhand von Alltagstheorien zu fällen. Auch bei der Frage, wie Entwicklungspolitik Fluchtursachen beseitigen kann, gehen die Meinungen auseinander. Auf eine Verständigung im Streit um Migration lässt sich nur hoffen, wenn es gelingt, die einander gegenüberstehenden Positionen im Lichte universalisierbarer Grundsätze zu vermitteln. Dabei führt nur eine interdisziplinäre Vorgehensweise weiter, die positiv-rechtliche, philosophische und empirische Erkenntnisse fruchtbar aufeinander bezieht. Dieser Band spiegelt diese Multiperspektivität. 410 0$aFundamenta iuris ;$vVolume 15. 606 $aEntwicklungshilfe 606 $aEntwicklungspolitik 606 $aMenschenrechte 606 $aMigrationspolitik 606 $aGlobalität 606 $aAsyl 606 $aZuwanderungskontrolle 606 $aMigrationsrecht 606 $aopen borders 606 $aimmigration control 606 $aasylum 606 $aKant 606 $aphilosophy of law 615 4$aEntwicklungshilfe 615 4$aEntwicklungspolitik 615 4$aMenschenrechte 615 4$aMigrationspolitik 615 4$aGlobalität 615 4$aAsyl 615 4$aZuwanderungskontrolle 615 4$aMigrationsrecht 615 4$aopen borders 615 4$aimmigration control 615 4$aasylum 615 4$aKant 615 4$aphilosophy of law 676 $a304.8 702 $aTiedemann$b Paul$4ctb 702 $aReinhardt$b Karolina$4ctb 702 $aGlorius$b Birgit$4ctb 702 $aKirloskar-Steinbach$b Monika$4ctb 702 $aBerlit$b Uwe$4ctb 702 $aElsenhans$b Hartmut$4ctb 702 $aKlesczewski$b Diethelm$4edt 702 $aMüller-Mezger$b Steffi$4edt 702 $aNeuhaus$b Frank$4edt 801 0$bMiAaPQ 801 1$bMiAaPQ 801 2$bMiAaPQ 906 $aBOOK 912 $a9910970983003321 996 $aMigration: Globale Bewegungsfreiheit oder nationale Grenzen$94415282 997 $aUNINA